Human resource management / (Record no. 157774)

MARC details
000 -LEADER
fixed length control field 00645nam a22002057a 4500
005 - DATE AND TIME OF LATEST TRANSACTION
control field 20180929120033.0
010 ## - LCCN (DPL NO)
LC control number ENG-124130
020 ## - INTERNATIONAL STANDARD BOOK NUMBER
International Standard Book Number 9789387472815
Terms of availability 650.00
035 ## - SYSTEM CONTROL NUMBER
System control number EN-107662
037 ## - SOURCE OF ACQUISITION
Source of stock number/acquisition DBAD/PUB
082 ## - DEWEY DECIMAL CLASSIFICATION NUMBER
Classification number 658.3
100 ## - MAIN ENTRY--PERSONAL NAME
Personal name Pattanayak, Biswajeet
245 ## - TITLE STATEMENT
Title Human resource management /
Statement of responsibility, etc by Biswajeet Pattanayak
250 ## - EDITION STATEMENT
Edition statement 5th ed.
260 ## - PUBLICATION, DISTRIBUTION, ETC. (IMPRINT)
Date of publication, distribution, etc 2018
Place of publication, distribution, etc Delhi
Name of publisher, distributor, etc PHI Learning Pvt. Ltd.
270 ## - ADDRESS
City Delhi
Address Rimjhim House, 111, Patparganj Industrial Estate,
Postal code 110092
300 ## - PHYSICAL DESCRIPTION
Extent xx,718p.
Dimensions 26cm.(pbk)
Other physical details ill.
500 ## - GENERAL NOTE
General note It includes suggested readings and index
942 ## - ADDED ENTRY ELEMENTS (KOHA)
Source of classification or shelving scheme Dewey Decimal Classification
Item type English Books
Classification part 658.3
Call number suffix PAT
Holdings
Withdrawn status Lost status Not for loan Collection code Home library Current library Date acquired Source of acquisition Cost, normal purchase price Full call number Barcode Copy number Cost, replacement price Koha item type
    Not For Loan Non-fiction D.B.Act.Division Sarojini Nagar 29/09/2018 DBAD/PUB 650.00 658.3 PAT EN-107662 1 650.00 English Books

© Delhi Public Library
Hit Counter
free hit counter